| 000 | 00353nam a2200157Ia 4500 | ||
|---|---|---|---|
| 008 | 230312s9999||||xx |||||||||||||| ||und|| | ||
| 020 | _a812910623X | ||
| 082 |
_a153.8 _bSRI-M |
||
| 100 | _aSrivastava, Puneet | ||
| 245 | 0 | _aManaging Motivation | |
| 260 |
_bRupa Co _aIndia _c2005 |
||
| 300 | _a40 | ||
| 546 | _aEng. | ||
| 650 | _aMedical | ||
| 942 | _cBK | ||
| 999 |
_c6079 _d6079 |
||